| 000 | 00813nam a2200289 a 4500 | ||
|---|---|---|---|
| 001 | 0012 | ||
| 003 | DO-SdBPM | ||
| 005 | 20250115082054.0 | ||
| 007 | 0012 | ||
| 008 | 111012s2015 sp 000 spa d | ||
| 020 | _a9788415089605 | ||
| 040 |
_aDO-SdBPM _bspa _cBPMSU |
||
| 082 | 4 |
_aU863.5 _bQ484c 2015 _222 |
|
| 100 | 1 |
_aQuiroga, Horacio, _d1878-1937. |
|
| 245 | 1 | 0 |
_aCuentos de la selva / _cHoracio Quiroga. |
| 250 | _a2a. ed. | ||
| 260 |
_aBarcelona : _bPlutón Ediciones, _c2015 |
||
| 300 |
_a113 p. : _bil. ; _c19 cm. |
||
| 490 | 0 |
_aEterna _v |
|
| 500 | _a | ||
| 590 | _aInventariado, 2025/VM | ||
| 650 | 4 | _aCuentos juveniles uruguayo | |
| 650 | 4 |
_aVida de la selva _vCuentos juveniles |
|
| 650 | 4 |
_aAnimales _vCuentos juveniles |
|
| 910 | _aVMateo V. Control de calidad. BPMSU | ||
| 942 |
_2ddc _cBK |
||
| 999 |
_c14906 _d14906 |
||